Essentials of biostatistics / (Registro nro. 2413)

Detalles MARC
000 -CABECERA
campo de control de longitud fija 00953nam a2200229Ia 4500
003 - IDENTIFICADOR DEL NÚMERO DE CONTROL
campo de control AR-RoIUNI
005 - FECHA Y HORA DE LA ÚLTIMA TRANSACCIÓN
campo de control 20251125160042.0
007 - CAMPO FIJO DE DESCRIPCIÓN FÍSICA--INFORMACIÓN GENERAL
campo de control de longitud fija ta
008 - DATOS DE LONGITUD FIJA--INFORMACIÓN GENERAL
campo de control de longitud fija 150630s1987 -usd fr 001 0 spa d
020 ## - NÚMERO INTERNACIONAL ESTÁNDAR DEL LIBRO
Número Internacional Estándar del Libro 0803631227
040 ## - FUENTE DE LA CATALOGACIÓN
Centro/agencia modificador OCLC
Centro/agencia transcriptor AR-RoIUNI
080 ## - NÚMERO DE LA CLASIFICACIÓN DECIMAL UNIVERSAL
Número de la Clasificación Decimal Universal 519.2 : 61 ELS
100 1# - ENTRADA PRINCIPAL--NOMBRE DE PERSONA
Nombre de persona Elston, Robert C.
245 ## - MENCIÓN DE TÍTULO
Título Essentials of biostatistics /
Mención de responsabilidad, etc. Robert C. Elston, William D. Johnson
260 ## - PUBLICACIÓN, DISTRIBUCIÓN, ETC. (PIE DE IMPRENTA)
Lugar de publicación, distribución, etc. Filadelpia:
Nombre del editor, distribuidor, etc. F.A. Davis company,
Fecha de publicación, distribución, etc. c1987.
300 ## - DESCRIPCIÓN FÍSICA
Extensión 307 p. ;
Dimensiones 23 cm.
490 ## - MENCIÓN DE SERIE
Mención de serie Essentials of medical education.
520 ## - SUMARIO, ETC.
Sumario, etc. Un texto revisado sobre bioestadística que requiere poca o ninguna formación estadística por parte del lector. El énfasis en los conceptos, y no en los cálculos, permite al lector comprender los aspectos estadísticos del diseño experimental e interpretar los datos sin necesidad de realizar cálculos complejos.
650 10 - PUNTO DE ACCESO ADICIONAL DE MATERIA--TÉRMINO DE MATERIA
Término de materia o nombre geográfico como elemento inicial Bioestadística
9 (RLIN) 511
700 1# - PUNTO DE ACCESO ADICIONAL--NOMBRE DE PERSONA
Nombre de persona Johnson, William D.
Término indicativo de función/relación aut.
942 ## - ELEMENTOS DE PUNTO DE ACCESO ADICIONAL (KOHA)
Tipo de ítem Koha Libros
Fuente del sistema de clasificación o colocación Clasificación Decimal Universal
Existencias
Estado de retiro Estado de pérdida Fuente del sistema de clasificación o colocación Estado dañado Excepción de préstamo Código de colección Localización permanente Ubicación/localización actual Ubicación en estantería Fecha de adquisición Número de inventario Total de préstamos Signatura topográfica completa Código de barras Fecha visto por última vez Tipo de ítem Koha
    Clasificación Decimal Universal     Metodología BIBLIOTECA CRESPO BIBLIOTECA CRESPO BIBLIOTECA CRESPO 07/01/2019 2414   519.2 : 61 ELS 2414c 30/06/2015 Libros